[Event "CZE-ch U12"]
[Site "Harrachov"]
[Date "2024.11.01"]
[Round "8"]
[White "Gernert, Tomas"]
[Black "Vorlik, Jachym"]
[Result "0-1"]
[WhiteElo "1731"]
[BlackElo "1540"]
[PlyCount "62"]
[EventDate "2024.10.26"]
[EventType "swiss"]
[EventRounds "9"]
[EventCountry "CZE"]
[SourceTitle "CB45_2024"]
[Source "ChessBase"]
[SourceDate "2024.11.06"]
[SourceVersion "1"]
[SourceVersionDate "2024.11.06"]
[SourceQuality "1"]

1. e4 e6 2. d4 d5 3. Nc3 dxe4 4. Nxe4 Nd7 5. Nf3 Ngf6 6. Bg5 Be7 7. Bxf6 Nxf6 8. Nxf6+ Bxf6 9. c3 0-0 10. Bd3 Qd6 11. Qe2 c5 12. dxc5 Qxc5 13. 0-0-0 Qc7 14. h4 Bd7 15. Ng5 g6 16. Qf3 Bg7 17. Nxh7 Kxh7 18. h5 Bh6+ 19. Kb1 Kg7 20. hxg6 fxg6 21. Qg4 Rf6 22. Bc2 Rd8 23. Rd3 Qf4 24. Qh3 g5 25. Rhd1 Rf7 26. Rf3 g4 27. Rxf4 gxh3 28. Rg4+ Kf8 29. gxh3 Rxf2 30. Rgd4 Ke7 31. Bg6 Rf6 0-1

[Event "CZE-ch U12"]
[Site "Harrachov"]
[Date "2024.10.31"]
[Round "7"]
[White "Menkov, Ivan"]
[Black "Gernert, Tomas"]
[Result "1-0"]
[WhiteElo "1501"]
[BlackElo "1731"]
[PlyCount "113"]
[EventDate "2024.10.26"]
[EventType "swiss"]
[EventRounds "9"]
[EventCountry "CZE"]
[SourceTitle "CB45_2024"]
[Source "ChessBase"]
[SourceDate "2024.11.06"]
[SourceVersion "1"]
[SourceVersionDate "2024.11.06"]
[SourceQuality "1"]

1. e4 c5 2. Nf3 Nc6 3. Bb5 e6 4. 0-0 Nge7 5. Re1 a6 6. Bf1 d5 7. exd5 Nxd5 8. Nc3 Nxc3 9. bxc3 Bd6 10. Bb2 0-0 11. d4 Qc7 12. g3 b5 13. Bg2 Bb7 14. dxc5 Bxc5 15. Qd3 Rfd8 16. Qe2 Qb6 17. Rab1 Na5 18. Ne5 Bxg2 19. Kxg2 Nc6 20. c4 Qb7 21. Qf3 Na5 22. Qxb7 Nxb7 23. Bc3 Nd6 24. cxb5 Nxb5 25. Ba5 Rdc8 26. Red1 Bd4 27. Rxb5 axb5 28. Rxd4 Rxa5 29. Nc6 Raa8 30. Ne7+ Kf8 31. Nxc8 Rxc8 32. Rd2 Ke7 33. Kf3 Kf6 34. Ke4 Rc4+ 35. Kd3 Ke5 36. f3 f5 37. c3 g5 38. Rb2 Rc5 39. Rb4 h5 40. h3 Kd5 41. h4 g4 42. Rd4+ Ke5 43. f4+ Kf6 44. c4 b4 45. Kc2 Ra5 46. Kb3 Ra3+ 47. Kxb4 Rxa2 48. c5 Ra8 49. c6 Ke7 50. Rd7+ Kf6 51. c7 Rc8 52. Kb5 e5 53. Kc6 Ke6 54. Rd8 Rxc7+ 55. Kxc7 exf4 56. gxf4 Kf6 57. Rg8 1-0

[Event "CZE-ch U12"]
[Site "Harrachov"]
[Date "2024.10.26"]
[Round "1"]
[White "Sengrova, Zofie"]
[Black "Gernert, Tomas"]
[Result "0-1"]
[WhiteElo "1465"]
[BlackElo "1731"]
[PlyCount "80"]
[EventDate "2024.10.26"]
[EventType "swiss"]
[EventRounds "9"]
[EventCountry "CZE"]
[SourceTitle "CB45_2024"]
[Source "ChessBase"]
[SourceDate "2024.11.06"]
[SourceVersion "1"]
[SourceVersionDate "2024.11.06"]
[SourceQuality "1"]

1. e4 c5 2. Nf3 Nc6 3. Nc3 g6 4. Bb5 Bg7 5. d3 Nd4 6. Be3 Qa5 7. Bd2 Nxb5 8. Nxb5 Qxb5 9. 0-0 d6 10. h3 Nf6 11. Rb1 0-0 12. Re1 h6 13. Bc3 Nd7 14. Bxg7 Kxg7 15. d4 cxd4 16. Qxd4+ Ne5 17. Nxe5 Qxe5 18. Qxe5+ dxe5 19. Rbd1 Be6 20. a3 Rfd8 21. b4 Rac8 22. c3 Rxd1 23. Rxd1 Rxc3 24. a4 Rc4 25. Rb1 Rxe4 26. f3 Rd4 27. Kh2 Kf6 28. a5 Kf5 29. Kg3 h5 30. b5 h4+ 31. Kh2 Ra4 32. b6 a6 33. g3 Ra2+ 34. Kh1 hxg3 35. Rg1 Kf4 36. Re1 Bd5 37. h4 Bxf3+ 38. Kg1 Rg2+ 39. Kh1 Rh2+ 40. Kg1 Rh1# 0-1

[Event "EU-ch Schools U11"]
[Site "Limerick"]
[Date "2024.06.03"]
[Round "4"]
[White "Gernert, Tomas"]
[Black "Koukola, Stepan"]
[Result "1-0"]
[WhiteElo "1727"]
[BlackElo "1470"]
[PlyCount "59"]
[EventDate "2024.05.31"]
[EventType "swiss"]
[EventRounds "9"]
[EventCountry "IRL"]
[SourceTitle "CBM 220 Extra"]
[Source "ChessBase"]
[SourceDate "2024.07.31"]
[SourceVersion "1"]
[SourceVersionDate "2024.07.31"]
[SourceQuality "1"]

1. d4 Nf6 2. Nf3 c5 3. e3 cxd4 4. exd4 d5 5. c3 Bg4 6. Qb3 Bxf3 7. Qxb7 Nbd7 8. gxf3 Qb8 9. Qxb8+ Rxb8 10. Na3 e6 11. Bf4 Rxb2 12. Nb5 a6 13. Bc1 Rxb5 14. Bxb5 axb5 15. Rb1 Bd6 16. Rxb5 0-0 17. Ra5 Rc8 18. Ba3 Bf8 19. Bxf8 Nxf8 20. Kd2 Ng6 21. Rc1 Nh4 22. Ke2 h6 23. a4 Nd7 24. Rb5 Ra8 25. a5 Ra6 26. Rb7 Nf6 27. Ra1 Nf5 28. Rb6 Ra8 29. a6 Nd7 30. Rb7 1-0